Statistics for NBA Players' College Teams Quiz

Click here to take the quiz!

General Stats

  • This quiz has been taken 859 times
  • The average score is 19 of 41

Answer Stats

HintCollege% Correct
Shaquille O'nealLouisiana State University
90%
Jamal MashburnUniversity of Kentucky
89%
Earvin "Magic" JohnsonMichigan State University
86%
Carmelo AnthonySyracuse University
86%
Paul PierceUniversity of Kansas
85%
Derrick RoseUniversity of Memphis
82%
John StocktonGonzaga University
77%
LaMarcus AldridgeUniversity of Texas
77%
Ray AllenUniversity of Connecticut
74%
Mike MillerUniversity of Florida
67%
Mike BibbyUniversity of Arizona
63%
Marcus CambyUniversity of Massachusetts
62%
Chris BoshGeorgia Institute of Technology
61%
Steve FrancisUniversity of Maryland
59%
Jerry WestWest Virginia University
57%
Calbert CheaneyIndiana University
53%
Keith Van HornUniversity of Utah
52%
Chauncey BillupsColorado University
51%
Stacey AugmonUniversity of Nevada Las Vegas
50%
Joe JohnsonUniversity of Arkansas
46%
John HavlicekOhio State University
45%
Robert HorryUniversity of Alabama
43%
Kevin McHaleUniversity of Minnesota
43%
Michael FinleyUniversity of Wisconsin
43%
David ThompsonNorth Carolina State University
41%
Bill RussellUniversity San Francisco
41%
Kerry KittlesVillanova University
40%
Terrell BrandonUniversity of Oregon
35%
B.J. ArmstrongUniverstiy of Iowa
33%
John StarksOklahoma State University
25%
Alex EnglishUniversity of South Carolina
25%
Eric PiatkowskiUniversity of Nebraska
24%
Erick DampierMississippi State University
22%
Bill BradleyPrinceton University
22%
Larry HughesSaint Louis University
21%
Michael CooperUniversity of New Mexico
18%
Theo RatliffUniversity of Wyoming
18%
Ben WallaceVirginia Union University
12%
Lenny WilkensProvidence College
11%
Phil JacksonUniversity of North Dakota
11%
Walt FrazierSouthern Illinois University
6%

Score Distribution

Percentile by Number Answered

Percent of People with Each Score

Your Score History

You have not taken this quiz